000 00283nam a2200097Ia 4500
001 639931
005 20250826153437.0
008 250824s9999 xx 000 0 und d
245 0 _aMONTE KRİSTO KONTU ANTİK OKUL KLASİKLERİ
_cALEXANDRE DUMAS
260 _bANTİK DÜNYA KLASİKLERİ
999 _c639931
_d639931